| 000 | 00558nam a2200157Ia 4500 | ||
|---|---|---|---|
| 008 | 180925s9999 xx 000 0 und d | ||
| 020 | _a9781496314994 | ||
| 100 | _aPeterson,Jeffrey J. | ||
| 245 |
_cJeffrey J. Peterson.-- _aBerquist's musculoskeletal imaging companion / |
||
| 250 | _a3rd ed | ||
| 260 |
_aUSA : _bWolters kluwer _c2018 |
||
| 300 | _axix, 820 pages. | ||
| 500 | _aInlcudes bibliographical reference and indexes. | ||
| 650 | _aMESH: Musculoskeletal diseases -- diagnostic imaging. | ||
| 650 | _aMuscoloskeletal system -- diagnostic imaging. | ||
| 999 |
_c358837 _d358837 |
||